| 000 | 00437pab a2200157 454500 | ||
|---|---|---|---|
| 008 | 180718b1998 xxu||||| |||| 00| 0 eng d | ||
| 100 | _aClark, Gordon L. | ||
| 245 | _aThe private provisions of urban infrastructure: financial intermediation through long term contracts | ||
| 260 | _c1998 | ||
| 300 | _ap.301-19 | ||
| 362 | _aFeb | ||
| 650 | _aUrban development | ||
| 700 | _aEvans, John | ||
| 773 | _aUrban Studies | ||
| 909 | _a37983 | ||
| 999 |
_c37983 _d37983 |
||